000 00710nam a22002537a 4500
003 UA-OsUOA
001 32958
007 ta
008 20050224b un ||||| |||| 00| 0 ukr d
100 _aНовицкий Н. И.
090 _a658.5(075.8)
_bН73
942 _cBK
040 _aUA-OsUOA
_brus
_cUA-OsUOA
_dUA-OsUOA
245 _aСетевое планирование и управление производством
_bУчеб.-практ. пособие
300 _a160 с.
_bІлюстрації
955 _a0
041 _arus
080 _a658.5(075.8)
020 _a5-94735-057-2
260 _aМ.
_bНовое знание
_c2004
044 _aRU
650 7 _2UDC
999 _c319413
_d319413